Objecin̤ de conciencia en las F.F.M.M de Colombia

Bibliographic Details
Main Author: Mondragon Enriquez, Andres Felipe
Format: eBook
Language:Spanish
Published: Bogot:̀ Editorial Acadm̌ica Espaǫla, 2019
Subjects:
Online Access:Acceso restringido

MARC

LEADER 00000nam a22000007a 4500
005 20191009133622.0
007 cr|||| ||||
008 191009s2019 co |||||s|||| 00||0 spa d
020 |a 9786139438600 
035 |a 29626 
040 |a vLex 
090 |c 9753  |d 9753 
100 1 |a Mondragon Enriquez, Andres Felipe 
245 1 0 |a Objecin̤ de conciencia en las F.F.M.M de Colombia  |h [Recurso electrn̤ico] /  |c Andres Felipe Mondragon Enriquez 
256 |a Servicio en ln̕ea 
260 |a Bogot:̀  |b Editorial Acadm̌ica Espaǫla,  |c 2019 
300 |a 1 recurso electrn̤ico 
500 |a Este libro realiza un estudio del desarrollo jurisprudencial constitucional frente al derecho a objetar la conciencia, en el deber de cumplir con el servicio militar obligatorio. Esta investigacin̤ tiene un corte histr̤ico entre 1992 y 2017, para responder a la pregunta: ¿Cul̀ es el desarrollo evolutivo jurisprudencial por parte de la Corte Constitucional frente a la objecin̤ de conciencia en el caso de las Fuerzas Militares de Colombia 
506 1 |a Disponible solo en los productos indicados  |d vLex Global  |d vLex Global (Academic Edition, excluding Law Schools)  |d vLex Global (U.S. Academic Edition, Law Schools)  |d vLex Global (U.S. Academic Edition, excluding Law Schools)  |d vLex Global (Academic Edition, Law Schools) 
650 0 4 |a Derecho Pb︢lico y Administrativo  |z Colombia 
740 0 |a vLex Libros (Servicio en ln̕ea) 
856 4 0 |u http://vlex.com/source/29626  |z Acceso restringido 
942 |c BOOK 
999 0 |a Public and Administrative Law